| 000 | nam a22 a 4500 | ||
|---|---|---|---|
| 999 |
_c148328 _d148328 |
||
| 003 | BLK | ||
| 005 | 20230131144031.0 | ||
| 008 | 180410b bul|||||r ||||||| ||bul|| | ||
| 010 | _aKNG00154550000 | ||
| 040 | _aBLK | ||
| 041 |
_aBUL _cBUL |
||
| 080 |
_aЧешка литература _b821.162.3 _x-93-32 _z821.162.3-93-32 |
||
| 100 | 1 |
_aРжиха, Бохумил _eпърви автор _9115997 |
|
| 139 |
_aРжиха, Бохумил _bР 57 |
||
| 245 | 1 | 0 |
_aПътуването на Хонзик _bПовест за деца _cБохумил Ржиха; прев. от чеш. Невена Захариева; худож. Александър Алексов. |
| 257 | _aCHE | ||
| 260 |
_bНар. младеж _c1984 _aСофия |
||
| 300 |
_a107 с. _bс ил. _c20 см |
||
| 380 | _aDX | ||
| 500 | _aОриг. загл. Honzikova cesta / Bohumil Riha. - 50 150 тир. | ||
| 700 | 1 |
_aЗахариева, Невена _eпрев. от чеш. _gДимитрова, Невена Захариева _9372671 |
|
| 700 | 1 |
_aАлексов, Александър _eхудож. _9372063 |
|
| 852 |
_aЦб 265736 _bЦб |
||
| 942 |
_cKNG _n0 _s1 |
||
| 944 |
_aCR _c09.12.2013 _l09.12.2013 - от С1,Р / 09.12.2013 _kДаниел_Канатов |
||
| 944 |
_aED _c20.09.2017 _l09.12.2013 - от С1,Р / 09.12.2013 _kСевдалина_Василева |
||
| 944 |
_aED _c2023-01-31 _l2023-01-31 _kРенета Константинова |
||
| 999 | _d148328 | ||